00434cam a2200145 4500008004100000020001500041035001200056100002500068245004700093250001100140260004700151300005000198502002200248650001800270070904s2003 mau 000 0 eng u a0072335424 aa4643021 aGujarati, Damodar N.10aBasic econometrics /cDamodar N. Gujarati. a4a ed. aBoston Masachusets :bMc Graw Hill, c2003 axxix, 1002 p. ;c27 cm. + 1cd-room 4 3/4 plg. aIncluye índices 4aEconometría